| 000 | 00527nam a2200193 a 4500 | ||
|---|---|---|---|
| 001 | 1771067063107 | ||
| 003 | YourLibrary | ||
| 005 | 20260214163804.0 | ||
| 008 | 260214s2002##################000#0#eng## | ||
| 020 | _a9780521522410 | ||
| 082 | 0 | 4 |
_a305.5 _bFIL |
| 100 | 1 |
_aFiltzer, Donald, _eauthor. |
|
| 245 | 1 | 0 | _aSoviet Workers and De-Stalinization : |
| 260 |
_bCambridge University Press, _c2002. |
||
| 300 | _a344 pages | ||
| 650 | 0 | _aBusiness & Economics. | |
| 942 | _cENGLISH | ||
| 040 |
_aYourLibrary _beng _cYourLibrary |
||
| 999 |
_c612496 _d612496 |
||